[Event "13th World Teams Play-off"]
[Site "Jerusalem ISR"]
[Date "2022.11.24"]
[Round "2.2"]
[White "Vidit, Santosh Gujrathi"]
[Black "Yakubboev, Nodirbek"]
[Result "0-1"]
[WhiteElo "2724"]
[BlackElo "2667"]
[PlyCount "87"]
[EventDate "2022.11.23"]
[SourceTitle "Ajedrez en Madrid"]
[Source "lmi"]
[SourceDate "2022.11.20"]
[SourceVersion "1"]
[SourceVersionDate "2022.11.25"]
[SourceQuality "1"]
[WhiteTeam "India"]
[BlackTeam "Uzbekistan"]
[WhiteTeamCountry "IND"]
[BlackTeamCountry "UZB"]

1. d4 Nf6 2. Nf3 d5 3. Bf4 c5 4. e3 Nc6 5. Nbd2 e6 6. c3 Bd6 7. Bg3 O-O 8. Bd3 Qe7 9. Ne5 Nd7 10. Nxd7 Qxd7 11. O-O b6 12. Bxd6 Qxd6 13. f4 Bd7 14. a3 a5 15. Qh5 f5 16. g4 g6 17. Qh4 fxg4 18. Qxg4 cxd4 19. exd4 Rf6 20. Rf2 Raf8 21. Raf1 Ne7 22. Qg5 Nf5 23. Rf3 Ng7 24. Qe5 Qe7 25. Nb3 Nf5 26. Nc1 Nd6 27. Qg5 Qf7 28. Qe5 Nc4 29. Bxc4 dxc4 30. Qc7 Rc8 31. Qb7 Qe8 32. Qxb6 Bc6 33. R3f2 Rf5 34. d5 Rxd5 35. Ne2 Rb8 36. Qe3 Rd3 37. Qc5 Rxb2 38. Nd4 Rxf2 39. Kxf2 Bd5 40. Rb1 Qd8 41. Ke2 Kg7 42. Rb7+ Kh6 43. Re7 Qb8 44. Qc7 0-1

[Event "13th World Teams Play-off"]
[Site "Jerusalem ISR"]
[Date "2022.11.24"]
[Round "2.2"]
[White "Sindarov, Javokhir"]
[Black "Nihal, Sarin"]
[Result "1-0"]
[WhiteElo "2654"]
[BlackElo "2670"]
[PlyCount "103"]
[EventDate "2022.11.23"]
[SourceTitle "Ajedrez en Madrid"]
[Source "lmi"]
[SourceDate "2022.11.20"]
[SourceVersion "1"]
[SourceVersionDate "2022.11.25"]
[SourceQuality "1"]
[WhiteTeam "Uzbekistan"]
[BlackTeam "India"]
[WhiteTeamCountry "UZB"]
[BlackTeamCountry "IND"]

1. e4 e5 2. Nf3 Nc6 3. Bc4 Bc5 4. Nc3 Nf6 5. d3 d6 6. Na4 Bb6 7. a3 h6 8. h3 O-O 9. O-O Be6 10. Bxe6 fxe6 11. b4 Qe8 12. c3 Ne7 13. Re1 Ng6 14. Ra2 Rd8 15. Nxb6 axb6 16. a4 Qf7 17. Nh2 Kh7 18. g3 Qd7 19. c4 d5 20. Rd2 Rf7 21. Qc2 c5 22. b5 Qd6 23. Kg2 Rdf8 24. Qd1 Qd7 25. Rf1 Rd8 26. Qe2 Ra8 27. Qd1 Rd8 28. Qc2 Qe8 29. Re2 dxe4 30. dxe4 Rfd7 31. Re3 Nh5 32. Kg1 Qf7 33. Nf3 Kg8 34. Kh2 Nf6 35. Bb2 Qf8 36. Bc3 Nh7 37. Qe2 Qf6 38. Kg2 Ng5 39. Nh2 Nf7 40. h4 Nf8 41. Ng4 Qg6 42. h5 Qg5 43. f4 Qe7 44. f5 Nh7 45. f6 Nxf6 46. Nxf6+ gxf6 47. Ref3 Ng5 48. Rxf6 Rd3 49. Qe1 Kh7 50. Bxe5 Rg8 51. Qe2 Qd7 52. Qxd3 1-0

[Event "13th World Teams Play-off"]
[Site "Jerusalem ISR"]
[Date "2022.11.24"]
[Round "2.2"]
[White "Narayanan, S.L."]
[Black "Vokhidov, Shamsiddin"]
[Result "1-0"]
[WhiteElo "2673"]
[BlackElo "2568"]
[PlyCount "87"]
[EventDate "2022.11.23"]
[SourceTitle "Ajedrez en Madrid"]
[Source "lmi"]
[SourceDate "2022.11.20"]
[SourceVersion "1"]
[SourceVersionDate "2022.11.25"]
[SourceQuality "1"]
[WhiteTeam "India"]
[BlackTeam "Uzbekistan"]
[WhiteTeamCountry "IND"]
[BlackTeamCountry "UZB"]

1. d4 Nf6 2. c4 e6 3. Nf3 d5 4. Nc3 Bb4 5. cxd5 exd5 6. Bg5 h6 7. Bh4 O-O 8. e3 Bf5 9. Qb3 Bxc3+ 10. Qxc3 c6 11. Nd2 Nbd7 12. Be2 Ne4 13. Bxd8 Nxc3 14. bxc3 Rfxd8 15. a4 c5 16. Nf1 Rac8 17. Ng3 Bg6 18. Kd2 cxd4 19. exd4 Nb6 20. a5 Nc4+ 21. Bxc4 dxc4 22. f3 Rd5 23. Ne4 f5 24. Ng3 f4 25. Ne4 Rc6 26. Rhe1 Rh5 27. h3 Bxe4 28. fxe4 Rg6 29. Re2 Rhg5 30. e5 Rxg2 31. Rf1 Kf7 32. Rxf4+ Ke6 33. Rf8 Rxe2+ 34. Kxe2 Rg3 35. Re8+ Kd7 36. Rb8 Kc7 37. Rg8 Kd7 38. h4 Ke6 39. Re8+ Kf5 40. d5 Rxc3 41. e6 Ke5 42. Rd8 Kf6 43. Rf8+ Ke7 44. Rf7+ 1-0

[Event "13th World Teams Play-off"]
[Site "Jerusalem ISR"]
[Date "2022.11.24"]
[Round "2.2"]
[White "Vakhidov, Jakhongir"]
[Black "Sasikiran, Krishnan"]
[Result "1/2-1/2"]
[WhiteElo "2607"]
[BlackElo "2636"]
[PlyCount "114"]
[EventDate "2022.11.23"]
[SourceTitle "Ajedrez en Madrid"]
[Source "lmi"]
[SourceDate "2022.11.20"]
[SourceVersion "1"]
[SourceVersionDate "2022.11.25"]
[SourceQuality "1"]
[WhiteTeam "Uzbekistan"]
[BlackTeam "India"]
[WhiteTeamCountry "UZB"]
[BlackTeamCountry "IND"]

1. c4 e5 2. g3 c6 3. Nf3 e4 4. Nd4 d5 5. cxd5 Qxd5 6. Nc2 Nf6 7. Nc3 Qe5 8. Bg2 Na6 9. O-O Be7 10. Ne1 O-O 11. d4 exd3 12. Nxd3 Qa5 13. Bd2 Qd8 14. Qc2 Bf5 15. e4 Be6 16. Rfd1 Qc8 17. Nf4 Rd8 18. Rac1 Bc5 19. a3 Bg4 20. Re1 Qd7 21. Nb1 Nh5 22. b4 Bb6 23. Nxh5 Bxh5 24. Bc3 Nc7 25. Qb2 Ne6 26. Kh1 f6 27. a4 a6 28. Na3 Ng5 29. f4 Nh3 30. Rf1 Bg4 31. e5 fxe5 32. Nc4 Bd4 33. Nxe5 Bxe5 34. Bxe5 h5 35. f5 Re8 36. f6 gxf6 37. Rxf6 Re6 38. Qa2 Rf8 39. Rxf8+ Kxf8 40. Rf1+ Ke8 41. b5 Ng5 42. bxc6 bxc6 43. Qb3 Nf7 44. Qb8+ Qd8 45. Qxd8+ Nxd8 46. Bf4 Re2 47. h3 Be6 48. Kg1 Ra2 49. Re1 Kf7 50. Rd1 Nb7 51. Bxc6 Nc5 52. Rf1 Kg6 53. Be3 Rc2 54. Rc1 Rxc1+ 55. Bxc1 Bxh3 56. Be3 Bd7 57. Bxc5 Bxc6 1/2-1/2

[Event "13th World Teams Play-off"]
[Site "Jerusalem ISR"]
[Date "2022.11.25"]
[Round "3.1"]
[White "Lu, Shanglei"]
[Black "Yakubboev, Nodirbek"]
[Result "1/2-1/2"]
[WhiteElo "2605"]
[BlackElo "2667"]
[PlyCount "120"]
[EventDate "2022.11.23"]
[SourceTitle "Ajedrez en Madrid"]
[Source "lmi"]
[SourceDate "2022.11.20"]
[SourceVersion "1"]
[SourceVersionDate "2022.11.25"]
[SourceQuality "1"]
[WhiteTeam "China"]
[BlackTeam "Uzbekistan"]
[WhiteTeamCountry "CHN"]
[BlackTeamCountry "UZB"]

1. e4 e5 2. Nf3 Nc6 3. d4 exd4 4. Nxd4 Nf6 5. Nxc6 bxc6 6. e5 Qe7 7. Qe2 Nd5 8. h4 d6 9. c4 Nb6 10. exd6 cxd6 11. b3 d5 12. Bb2 dxc4 13. Nd2 Be6 14. O-O-O O-O-O 15. Qe4 Bd5 16. Qxe7 Bxe7 17. Nxc4 Nxc4 18. Bxc4 Bxc4 19. bxc4 Rxd1+ 20. Kxd1 Rd8+ 21. Ke2 Bb4 22. Rd1 Rxd1 23. Kxd1 g6 24. Ke2 Kd7 25. Kd3 Ke6 26. Ke4 h5 27. Bd4 a6 28. g3 Bd6 29. Be3 Bc7 30. Bf4 Bb6 31. Be3 Bxe3 32. fxe3 Kd6 33. Kd4 f6 34. a3 g5 35. e4 a5 36. a4 Kd7 37. Kd3 Ke6 38. Ke3 Ke5 39. Kd3 Ke6 40. Ke3 Ke5 41. Kd3 gxh4 42. gxh4 Kf4 43. Kd4 Kg4 44. Kc5 Kxh4 45. Kxc6 Kg5 46. Kb5 h4 47. c5 h3 48. c6 h2 49. c7 h1=Q 50. c8=Q Qxe4 51. Kxa5 f5 52. Qc5 Qe1+ 53. Kb6 Qe6+ 54. Qc6 Qxc6+ 55. Kxc6 f4 56. a5 f3 57. a6 f2 58. a7 f1=Q 59. Kb7 Qb5+ 60. Ka8 Kf6 1/2-1/2

[Event "13th World Teams Play-off"]
[Site "Jerusalem ISR"]
[Date "2022.11.25"]
[Round "3.1"]
[White "Sindarov, Javokhir"]
[Black "Xu, Xiangyu"]
[Result "1/2-1/2"]
[WhiteElo "2654"]
[BlackElo "2577"]
[PlyCount "60"]
[EventDate "2022.11.23"]
[SourceTitle "Ajedrez en Madrid"]
[Source "lmi"]
[SourceDate "2022.11.20"]
[SourceVersion "1"]
[SourceVersionDate "2022.11.25"]
[SourceQuality "1"]
[WhiteTeam "Uzbekistan"]
[BlackTeam "China"]
[WhiteTeamCountry "UZB"]
[BlackTeamCountry "CHN"]

1. e4 c5 2. Nc3 d6 3. Nge2 Nf6 4. d4 cxd4 5. Nxd4 a6 6. Bd3 e5 7. Nde2 Be7 8. O-O O-O 9. Ng3 Be6 10. Nd5 Nxd5 11. exd5 Bxd5 12. Bxh7+ Kxh7 13. Qxd5 Nc6 14. a4 Qc8 15. f4 Qe6 16. Qf3 f5 17. fxe5 Nd4 18. Qh5+ Kg8 19. exd6 Bxd6 20. Bf4 Nxc2 21. Bxd6 Qxd6 22. Nxf5 Qc5+ 23. Kh1 Nxa1 24. Nh6+ gxh6 25. Qg6+ Kh8 26. Qxh6+ Kg8 27. Qg6+ Kh8 28. Qh6+ Kg8 29. Qg6+ Kh8 30. Qh6+ Kg8 1/2-1/2

[Event "13th World Teams Play-off"]
[Site "Jerusalem ISR"]
[Date "2022.11.25"]
[Round "3.1"]
[White "Bai, Jinshi"]
[Black "Vokhidov, Shamsiddin"]
[Result "1-0"]
[WhiteElo "2569"]
[BlackElo "2568"]
[PlyCount "83"]
[EventDate "2022.11.23"]
[SourceTitle "Ajedrez en Madrid"]
[Source "lmi"]
[SourceDate "2022.11.20"]
[SourceVersion "1"]
[SourceVersionDate "2022.11.25"]
[SourceQuality "1"]
[WhiteTeam "China"]
[BlackTeam "Uzbekistan"]
[WhiteTeamCountry "CHN"]
[BlackTeamCountry "UZB"]

1. d4 Nf6 2. Nf3 d5 3. c4 e6 4. Nc3 Bb4 5. Qa4+ Nc6 6. Bd2 dxc4 7. e3 Bd7 8. Qc2 Na5 9. Ne5 c5 10. dxc5 Rc8 11. Rd1 Rxc5 12. Nxd7 Qxd7 13. a3 Bxc3 14. Bxc3 Qc7 15. Qa4+ Qc6 16. Qc2 Qc7 17. Be2 Nb3 18. O-O b5 19. a4 a6 20. axb5 axb5 21. Bb4 O-O 22. Bxc5 Qxc5 23. Bf3 Rc8 24. h3 Qe5 25. Rd3 Qc5 26. Rdd1 Qe5 27. Qb1 g6 28. Qa2 Rb8 29. Qa7 Kg7 30. Bc6 Rc8 31. Qb7 Rb8 32. Qa7 Rc8 33. Qb6 Rb8 34. f4 Qxf4 35. Qa7 Qe5 36. Rxf6 Kxf6 37. Rf1+ Kg5 38. Rxf7 Rh8 39. Qe7+ Kh6 40. Qh4+ Qh5 41. Qf6 Rg8 42. Bf3 1-0

[Event "13th World Teams Play-off"]
[Site "Jerusalem ISR"]
[Date "2022.11.25"]
[Round "3.1"]
[White "Vakhidov, Jakhongir"]
[Black "Li, Di"]
[Result "1/2-1/2"]
[WhiteElo "2607"]
[BlackElo "2539"]
[PlyCount "78"]
[EventDate "2022.11.23"]
[SourceTitle "Ajedrez en Madrid"]
[Source "lmi"]
[SourceDate "2022.11.20"]
[SourceVersion "1"]
[SourceVersionDate "2022.11.25"]
[SourceQuality "1"]
[WhiteTeam "Uzbekistan"]
[BlackTeam "China"]
[WhiteTeamCountry "UZB"]
[BlackTeamCountry "CHN"]

1. d4 Nf6 2. c4 e6 3. Nc3 Bb4 4. e3 O-O 5. Bd2 c5 6. a3 Bxc3 7. Bxc3 Ne4 8. Rc1 b6 9. Nf3 Bb7 10. Be2 d6 11. O-O Nxc3 12. Rxc3 Qe7 13. Ne1 Nd7 14. Bf3 Nf6 15. Bxb7 Qxb7 16. Nf3 Rfc8 17. Qe2 Rc7 18. Rd1 Rac8 19. Rcd3 d5 20. dxc5 bxc5 21. h3 h6 22. Ne5 Rb8 23. cxd5 exd5 24. Ng4 Qxb2 25. Qxb2 Rxb2 26. Nxf6+ gxf6 27. Rxd5 c4 28. Rd7 Rc6 29. Rc1 c3 30. Kf1 a6 31. Rd3 Rb3 32. a4 Ra3 33. Rc2 Kg7 34. Rd4 Rc5 35. Ke2 Ra5 36. Kd3 R5xa4 37. Rxa4 Rxa4 38. Kxc3 h5 39. g3 h4 1/2-1/2

[Event "13th World Teams Play-off"]
[Site "Jerusalem ISR"]
[Date "2022.11.25"]
[Round "3.1"]
[White "Vidit, Santosh Gujrathi"]
[Black "Santos Latasa, Jaime"]
[Result "1/2-1/2"]
[WhiteElo "2724"]
[BlackElo "2665"]
[PlyCount "60"]
[EventDate "2022.11.23"]
[SourceTitle "Ajedrez en Madrid"]
[Source "lmi"]
[SourceDate "2022.11.20"]
[SourceVersion "1"]
[SourceVersionDate "2022.11.25"]
[SourceQuality "1"]
[WhiteTeam "India"]
[BlackTeam "Spain"]
[WhiteTeamCountry "IND"]
[BlackTeamCountry "ESP"]

1. d4 Nf6 2. c4 e6 3. Nf3 d5 4. Nc3 Bb4 5. Bg5 dxc4 6. e4 h6 7. Bxf6 Qxf6 8. Bxc4 c5 9. O-O cxd4 10. e5 Qd8 11. Ne4 Nc6 12. Qe2 a6 13. Rac1 b5 14. a3 Be7 15. Bxb5 axb5 16. Rxc6 O-O 17. Rd1 Bb7 18. Rc2 Qb6 19. Nxd4 Ra4 20. Rcd2 b4 21. axb4 Rxb4 22. Nd6 Bg5 23. Nc4 Rxc4 24. Qxc4 Bxd2 25. Rxd2 Rc8 26. Qf1 Qa5 27. Rc2 Rxc2 28. Nxc2 Qxe5 29. Qc1 f5 30. Ne1 Qe2 1/2-1/2

[Event "13th World Teams Play-off"]
[Site "Jerusalem ISR"]
[Date "2022.11.25"]
[Round "3.1"]
[White "Anton Guijarro, David"]
[Black "Nihal, Sarin"]
[Result "0-1"]
[WhiteElo "2668"]
[BlackElo "2670"]
[PlyCount "114"]
[EventDate "2022.11.23"]
[SourceTitle "Ajedrez en Madrid"]
[Source "lmi"]
[SourceDate "2022.11.20"]
[SourceVersion "1"]
[SourceVersionDate "2022.11.25"]
[SourceQuality "1"]
[WhiteTeam "Spain"]
[BlackTeam "India"]
[WhiteTeamCountry "ESP"]
[BlackTeamCountry "IND"]

1. e4 e5 2. Nf3 Nc6 3. Bb5 a6 4. Ba4 Nf6 5. d3 Bc5 6. Nc3 d6 7. Bxc6+ bxc6 8. Be3 Bxe3 9. fxe3 O-O 10. O-O c5 11. b3 Be6 12. Qe1 Nd7 13. Rd1 Qe7 14. Qg3 h6 15. d4 cxd4 16. exd4 exd4 17. Nxd4 Ne5 18. h4 c6 19. Nf5 Bxf5 20. exf5 f6 21. Ne2 d5 22. Nf4 Rf7 23. Rfe1 Re8 24. Ne6 Qa3 25. Qc3 Qd6 26. Qd4 h5 27. Qf4 Qa3 28. Qd4 Rfe7 29. c4 Ng4 30. cxd5 cxd5 31. Qxd5 Qxa2 32. Rd2 Qa3 33. Rd4 Kh8 34. Rxg4 hxg4 35. Kh2 Qb4 36. Re4 Qb8+ 37. g3 Qb7 38. Qxb7 Rxb7 39. Rxg4 Rxb3 40. h5 Rb5 41. Nxg7 Rg8 42. h6 Rxf5 43. Ra4 Rf2+ 44. Kh3 Kh7 45. Rxa6 Kxh6 46. Ne6 Rf3 47. Nd4 Rfxg3+ 48. Kh2 Rg2+ 49. Kh3 R8g3+ 50. Kh4 Rg4+ 51. Kh3 R4g3+ 52. Kh4 Kg6 53. Ne6 Rg4+ 54. Kh3 R2g3+ 55. Kh2 Re3 56. Nf8+ Kf7 57. Nd7 Rd4 0-1

[Event "13th World Teams Play-off"]
[Site "Jerusalem ISR"]
[Date "2022.11.25"]
[Round "3.1"]
[White "Narayanan, S.L."]
[Black "Shirov, Alexei"]
[Result "1/2-1/2"]
[WhiteElo "2673"]
[BlackElo "2666"]
[PlyCount "73"]
[EventDate "2022.11.23"]
[SourceTitle "Ajedrez en Madrid"]
[Source "lmi"]
[SourceDate "2022.11.20"]
[SourceVersion "1"]
[SourceVersionDate "2022.11.25"]
[SourceQuality "1"]
[WhiteTeam "India"]
[BlackTeam "Spain"]
[WhiteTeamCountry "IND"]
[BlackTeamCountry "ESP"]

1. d4 Nf6 2. c4 g6 3. Nc3 d5 4. cxd5 Nxd5 5. e4 Nxc3 6. bxc3 Bg7 7. Bb5+ c6 8. Ba4 O-O 9. Nf3 c5 10. O-O cxd4 11. cxd4 Nc6 12. Be3 Bg4 13. Bxc6 bxc6 14. Rc1 Qa5 15. Qd2 Qxd2 16. Nxd2 Rfd8 17. Nb3 a5 18. Rxc6 a4 19. Nc5 Bxd4 20. Bxd4 Rxd4 21. f3 Rc8 22. Rxc8+ Bxc8 23. Rc1 Be6 24. Rc2 Rc4 25. Rxc4 Bxc4 26. a3 Bb5 27. f4 f6 28. Kf2 e5 29. fxe5 fxe5 30. Ke3 Kf7 31. h4 Ke7 32. g4 Kd6 33. Nd3 Bxd3 34. Kxd3 Kc5 35. g5 Kb5 36. Kc3 Kc5 37. Kd3 1/2-1/2

[Event "13th World Teams Play-off"]
[Site "Jerusalem ISR"]
[Date "2022.11.25"]
[Round "3.1"]
[White "Santos Ruiz, Miguel"]
[Black "Sasikiran, Krishnan"]
[Result "1-0"]
[WhiteElo "2587"]
[BlackElo "2636"]
[PlyCount "85"]
[EventDate "2022.11.23"]
[SourceTitle "Ajedrez en Madrid"]
[Source "lmi"]
[SourceDate "2022.11.20"]
[SourceVersion "1"]
[SourceVersionDate "2022.11.25"]
[SourceQuality "1"]
[WhiteTeam "Spain"]
[BlackTeam "India"]
[WhiteTeamCountry "ESP"]
[BlackTeamCountry "IND"]

1. e4 e5 2. Nf3 Nc6 3. Bc4 Nf6 4. d3 h6 5. c3 d6 6. a4 g6 7. a5 Bg7 8. a6 b6 9. O-O O-O 10. Re1 Qe7 11. h3 Nb8 12. d4 c6 13. Bd3 b5 14. c4 Bxa6 15. cxb5 Bxb5 16. dxe5 dxe5 17. Nc3 Bxd3 18. Qxd3 Nbd7 19. Be3 a5 20. Nd2 Rfb8 21. Ra2 Bf8 22. Rea1 Qe6 23. Qc2 h5 24. Rxa5 Rxa5 25. Rxa5 Bb4 26. Ra6 Bc5 27. Nd1 Bxe3 28. Nxe3 Rb6 29. Ra8+ Rb8 30. Ra6 Rb6 31. Ra7 Rb5 32. Nec4 Qe7 33. Qd3 Kg7 34. Nf3 Qb4 35. Nd6 Ra5 36. Rxa5 Qxa5 37. Qb3 Qc5 38. Qxf7+ Kh6 39. Qe7 Qc1+ 40. Kh2 Qf4+ 41. g3 Ng8 42. Qxd7 Qxf3 43. Nf7+ 1-0

[Event "13th World Teams Play-off"]
[Site "Jerusalem ISR"]
[Date "2022.11.25"]
[Round "3.2"]
[White "Yakubboev, Nodirbek"]
[Black "Lu, Shanglei"]
[Result "1/2-1/2"]
[WhiteElo "2667"]
[BlackElo "2605"]
[PlyCount "162"]
[EventDate "2022.11.23"]
[SourceTitle "Ajedrez en Madrid"]
[Source "lmi"]
[SourceDate "2022.11.20"]
[SourceVersion "1"]
[SourceVersionDate "2022.11.25"]
[SourceQuality "1"]
[WhiteTeam "Uzbekistan"]
[BlackTeam "China"]
[WhiteTeamCountry "UZB"]
[BlackTeamCountry "CHN"]

1. c4 Nf6 2. g3 e6 3. Bg2 d5 4. Nf3 d4 5. d3 Nc6 6. O-O Be7 7. e3 e5 8. exd4 exd4 9. Na3 O-O 10. Nc2 h6 11. Rb1 a5 12. b3 Bf5 13. a3 Bh7 14. b4 axb4 15. axb4 Nd7 16. Re1 Bf6 17. b5 Na5 18. Bf4 g5 19. Be5 Nxe5 20. Nxe5 Re8 21. Nf3 Qd6 22. Rxe8+ Rxe8 23. Nb4 Bg7 24. Nd2 b6 25. Bd5 Bg6 26. Ne4 Qe5 27. h4 gxh4 28. Qg4 Qh5 29. Qxh5 Bxh5 30. gxh4 Kf8 31. c5 Bg6 32. f4 f5 33. Ng3 h5 34. Na6 Re7 35. Kf2 Bf6 36. Rh1 Ke8 37. Bf3 Kd7 38. Bxh5 Bh7 39. c6+ Kd6 40. Bd1 Re3 41. Bc2 Bg7 42. h5 Bh6 43. Ne2 Re8 44. Rh4 Bg7 45. h6 Bf6 46. Rh5 Nxc6 47. bxc6 Ra8 48. Nxc7 Kxc7 49. Bb3 Kxc6 50. Ng3 Ra5 51. Be6 Bg6 52. Rh1 Kd6 53. Bg8 Bh8 54. h7 Ke7 55. Rh6 Be8 56. Rxb6 Bd7 57. Rb7 Kd6 58. Rb8 Rb5 59. Ra8 Bc6 60. Rf8 Rb2+ 61. Ne2 Ke7 62. Rf7+ Ke8 63. Rxf5 Bb5 64. Bf7+ Ke7 65. Bg6 Bxd3 66. Rf7+ Ke6 67. f5+ Bxf5 68. Rxf5 d3 69. Rf8 Bd4+ 70. Kf3 dxe2 71. Re8+ Kd7 72. Re4 Bc3 73. Bf5+ Kd6 74. Re6+ Kd5 75. Re8 Kc4 76. Rc8+ Kb4 77. Rb8+ Kc4 78. Rc8+ Kb4 79. Re8 Kc4 80. Rxe2 Rxe2 81. Kxe2 Bh8 1/2-1/2

[Event "13th World Teams Play-off"]
[Site "Jerusalem ISR"]
[Date "2022.11.25"]
[Round "3.2"]
[White "Xu, Xiangyu"]
[Black "Sindarov, Javokhir"]
[Result "1/2-1/2"]
[WhiteElo "2577"]
[BlackElo "2654"]
[PlyCount "100"]
[EventDate "2022.11.23"]
[SourceTitle "Ajedrez en Madrid"]
[Source "lmi"]
[SourceDate "2022.11.20"]
[SourceVersion "1"]
[SourceVersionDate "2022.11.25"]
[SourceQuality "1"]
[WhiteTeam "China"]
[BlackTeam "Uzbekistan"]
[WhiteTeamCountry "CHN"]
[BlackTeamCountry "UZB"]

1. d4 Nf6 2. Bg5 c5 3. Bxf6 gxf6 4. d5 f5 5. c3 d6 6. Nd2 Nd7 7. e4 Nf6 8. Ngf3 fxe4 9. Nxe4 Nxe4 10. Qa4+ Bd7 11. Qxe4 Qb6 12. O-O-O Bh6+ 13. Kb1 Bg7 14. Nd2 Qc7 15. Be2 f5 16. Bh5+ Kd8 17. Qe3 Bf6 18. Bf7 b5 19. Be6 Bxe6 20. Qxe6 Qd7 21. f4 Kc7 22. Nf1 b4 23. Qxd7+ Kxd7 24. Kc2 a5 25. a4 c4 26. Ne3 Rhg8 27. g3 Rab8 28. Nxc4 bxc3 29. b3 h5 30. Nxa5 h4 31. Rhg1 hxg3 32. hxg3 Rg4 33. Nc4 Rbg8 34. b4 Rxg3 35. Rxg3 Rxg3 36. a5 Rg2+ 37. Kb3 Rg3 38. Rc1 Kc7 39. a6 Bd4 40. Na5 Kb6 41. Nc6 c2+ 42. Kc4 Bf6 43. Rxc2 Kxa6 44. Ra2+ Kb6 45. b5 Rf3 46. Ra6+ Kc7 47. Ra7+ Kb6 48. Ra6+ Kc7 49. Ra7+ Kb6 50. Ra6+ Kc7 1/2-1/2

[Event "13th World Teams Play-off"]
[Site "Jerusalem ISR"]
[Date "2022.11.25"]
[Round "3.2"]
[White "Vakhidov, Jakhongir"]
[Black "Bai, Jinshi"]
[Result "1/2-1/2"]
[WhiteElo "2607"]
[BlackElo "2569"]
[PlyCount "138"]
[EventDate "2022.11.23"]
[SourceTitle "Ajedrez en Madrid"]
[Source "lmi"]
[SourceDate "2022.11.20"]
[SourceVersion "1"]
[SourceVersionDate "2022.11.25"]
[SourceQuality "1"]
[WhiteTeam "Uzbekistan"]
[BlackTeam "China"]
[WhiteTeamCountry "UZB"]
[BlackTeamCountry "CHN"]

1. d4 d5 2. c4 c6 3. cxd5 cxd5 4. Bf4 Nc6 5. e3 e6 6. Bd3 Bd6 7. Bg3 Nf6 8. Nc3 O-O 9. Bxd6 Qxd6 10. f4 b6 11. Nf3 Nb4 12. Bb1 Bb7 13. a3 Na6 14. Nd2 Nc7 15. O-O Qd7 16. a4 Nce8 17. Rf3 Nd6 18. Rh3 g6 19. Qe1 Nfe4 20. Ndxe4 dxe4 21. Qh4 f6 22. Ba2 Rae8 23. g4 Kh8 24. Rf1 Qg7 25. Qg3 Qe7 26. Rf2 a6 27. Qh4 Qg7 28. Rc2 b5 29. axb5 axb5 30. Bb3 e5 31. dxe5 fxe5 32. Rd2 Nc4 33. Bxc4 bxc4 34. fxe5 Rxe5 35. Rd8 Ree8 36. Rxe8 Rxe8 37. Rg3 g5 38. Qh3 Rf8 39. Qg2 Qd7 40. Qe2 Qd3 41. Qe1 Rf3 42. Nd1 Kg8 43. Nf2 Qc2 44. Nd1 Rxg3+ 45. hxg3 Bc8 46. Nf2 Qxb2 47. Qa5 c3 48. Qd8+ Kf7 49. Qc7+ Kg6 50. Qc6+ Kf7 51. Qc7+ Kg6 52. Qc6+ Kg7 53. Nxe4 c2 54. Qc7+ Kg6 55. Qd6+ Kf7 56. Qc7+ Kg6 57. Qd6+ Kf7 58. Qd5+ Kf8 59. Qc5+ Kf7 60. Qd5+ Kf8 61. Qd8+ Kg7 62. Qxg5+ Kf7 63. Qd5+ Kg7 64. Qg5+ Kf7 65. Qf4+ Kg8 66. Qg5+ Kf7 67. Qf4+ Kg8 68. Qg5+ Kf7 69. Qh5+ Kg7 1/2-1/2

[Event "13th World Teams Play-off"]
[Site "Jerusalem ISR"]
[Date "2022.11.25"]
[Round "3.2"]
[White "Li, Di"]
[Black "Nigmatov, Ortik"]
[Result "1-0"]
[WhiteElo "2539"]
[BlackElo "2433"]
[PlyCount "101"]
[EventDate "2022.11.23"]
[SourceTitle "Ajedrez en Madrid"]
[Source "lmi"]
[SourceDate "2022.11.20"]
[SourceVersion "1"]
[SourceVersionDate "2022.11.25"]
[SourceQuality "1"]
[WhiteTeam "China"]
[BlackTeam "Uzbekistan"]
[WhiteTeamCountry "CHN"]
[BlackTeamCountry "UZB"]

1. d4 Nf6 2. Nf3 g6 3. g3 Bg7 4. Bg2 O-O 5. O-O d5 6. c4 Nc6 7. cxd5 Nxd5 8. Nc3 e5 9. Nxe5 Nxc3 10. bxc3 Nxe5 11. dxe5 Qxd1 12. Rxd1 Bxe5 13. Rd3 Bf5 14. e4 Be6 15. f4 Bc4 16. Re3 Bd6 17. Re1 Bc5+ 18. Be3 Bxe3+ 19. Rxe3 Rfd8 20. Bf1 b5 21. Bxc4 bxc4 22. Rae1 Rab8 23. R1e2 Rb1+ 24. Kf2 Rc1 25. e5 Rd7 26. g4 Rd3 27. Rxd3 cxd3 28. Rd2 Rxc3 29. Ke3 Ra3 30. Rxd3 Rxa2 31. f5 gxf5 32. gxf5 Kg7 33. Rd7 Kf8 34. Kf4 h6 35. f6 Ke8 36. Re7+ Kf8 37. Rxc7 Ke8 38. Re7+ Kf8 39. Rb7 Ke8 40. h4 Rf2+ 41. Kg4 Re2 42. Re7+ Kf8 43. Kh5 Re4 44. Rxa7 Rxe5+ 45. Kxh6 Re8 46. Kh7 Rb8 47. h5 Rc8 48. Ra5 Ke8 49. Kg7 Rc4 50. Ra8+ Kd7 51. Kxf7 1-0

[Event "13th World Teams Play-off"]
[Site "Jerusalem ISR"]
[Date "2022.11.25"]
[Round "3.2"]
[White "Santos Latasa, Jaime"]
[Black "Vidit, Santosh Gujrathi"]
[Result "1/2-1/2"]
[WhiteElo "2665"]
[BlackElo "2724"]
[PlyCount "60"]
[EventDate "2022.11.23"]
[SourceTitle "Ajedrez en Madrid"]
[Source "lmi"]
[SourceDate "2022.11.20"]
[SourceVersion "1"]
[SourceVersionDate "2022.11.25"]
[SourceQuality "1"]
[WhiteTeam "Spain"]
[BlackTeam "India"]
[WhiteTeamCountry "ESP"]
[BlackTeamCountry "IND"]

1. e4 e5 2. Nf3 Nc6 3. Bb5 Nf6 4. d3 Bc5 5. Bg5 Ne7 6. c3 c6 7. Ba4 d6 8. d4 exd4 9. cxd4 Bb4+ 10. Bd2 Qb6 11. Qb3 Bxd2+ 12. Nbxd2 Qa5 13. Qa3 Nxe4 14. Bxc6+ Nxc6 15. Qxa5 Nxa5 16. Nxe4 d5 17. Nc3 Be6 18. b3 f6 19. Ng1 Nc6 20. Nge2 Kd7 21. Kd2 Rac8 22. Rac1 Bf7 23. h4 Ne7 24. Nf4 Rc6 25. g4 Rhc8 26. f3 b6 27. Nd3 R6c7 28. Nf4 Re8 29. Rhe1 Rcc8 30. h5 Nc6 1/2-1/2

[Event "13th World Teams Play-off"]
[Site "Jerusalem ISR"]
[Date "2022.11.25"]
[Round "3.2"]
[White "Nihal, Sarin"]
[Black "Anton Guijarro, David"]
[Result "1/2-1/2"]
[WhiteElo "2670"]
[BlackElo "2668"]
[PlyCount "156"]
[EventDate "2022.11.23"]
[SourceTitle "Ajedrez en Madrid"]
[Source "lmi"]
[SourceDate "2022.11.20"]
[SourceVersion "1"]
[SourceVersionDate "2022.11.25"]
[SourceQuality "1"]
[WhiteTeam "India"]
[BlackTeam "Spain"]
[WhiteTeamCountry "IND"]
[BlackTeamCountry "ESP"]

1. d4 Nf6 2. Nf3 d5 3. c3 e6 4. Bf4 Bd6 5. e3 O-O 6. Nbd2 c5 7. Bd3 Bxf4 8. exf4 b6 9. Qe2 a5 10. h4 Ba6 11. Bxa6 Nxa6 12. h5 h6 13. a3 Qc7 14. g3 Nb8 15. Kf1 Nc6 16. Kg2 Rfc8 17. Rac1 Qb7 18. Nf1 Qa6 19. Qxa6 Rxa6 20. Ne3 Ra7 21. g4 cxd4 22. Nxd4 Nxd4 23. cxd4 Rac7 24. Rxc7 Rxc7 25. Kf3 a4 26. Ke2 Ne4 27. Re1 b5 28. f3 Nd6 29. Kd3 Kf8 30. f5 Re7 31. fxe6 fxe6 32. f4 Nc4 33. Re2 Kf7 34. Rf2 Rb7 35. f5 Nxe3 36. Kxe3 b4 37. Kf4 bxa3 38. bxa3 exf5 39. Ke5 Rb3 40. Rxf5+ Ke7 41. Kxd5 Rxa3 42. Re5+ Kd7 43. Re6 Rb3 44. Ra6 Rb5+ 45. Ke4 Rg5 46. Kf4 Ke7 47. Rxa4 g6 48. Ra7+ Kf8 49. hxg6 Rxg6 50. Ra5 Rd6 51. Rf5+ Ke7 52. d5 Rg6 53. Kg3 Kd6 54. Kh4 Ke7 55. Kh5 Rd6 56. Kh4 Rg6 57. Re5+ Kf7 58. Re1 Rd6 59. Rd1 Kf6 60. Kh5 Kg7 61. Rd2 Kh7 62. Rd3 Kg7 63. Rd1 Kh7 64. Kh4 Kg6 65. Rd2 Kf6 66. Kg3 Ke5 67. Re2+ Kxd5 68. Kh4 Rg6 69. Re8 Kd6 70. Re4 Kd5 71. Ra4 Ke5 72. Kh5 Rb6 73. Rc4 Ra6 74. Rb4 Rc6 75. Ra4 Rb6 76. Ra7 Kf4 77. Rf7+ Kg3 78. g5 hxg5 1/2-1/2